000 00295nam a2200121Ia 4500
008 241015s9999 xx 000 0 und d
041 _aeng
082 _a737 CHA
100 _aChambers, Samuel A.
245 _aMoney Has No Value
260 _bDe Gruyter
_aBoston
_c2023
300 _a211;. P. 22 cm
999 _c41641
_d41641